The design and operation of safe and profitable process plant : papers prepared for Processtech 93 /
Gardado en:
| Corporate Authors: | , |
|---|---|
| Formato: | Conference Proceeding Libro |
| Idioma: | English |
| Publicado: |
Bury St. Edmunds, Suffolk :
Published for IMechE by Mechanical Engineering Publications,
c1993.
|
| Series: | Proceedings of the Institution of Mechanical Engineers (Unnumbered)
IMechE (Series) ; 1993-4. |
| Subjects: |
| LEADER | 01760cam a2200373 a 4500 | ||
|---|---|---|---|
| 001 | c000225826 | ||
| 003 | CARM | ||
| 005 | 20061123151748.0 | ||
| 008 | 930628s1993 enka b 100 0 eng d | ||
| 010 | |a 94107475 | ||
| 015 | |a GB93-32261 | ||
| 019 | 1 | |a 10151413 |z 27573396 |z 45182904 |z 26698196 |5 LACONCORD2021 | |
| 020 | |a 0852988540 (pbk) | ||
| 035 | |a (OCoLC)28376397 |5 LACONCORD2021 | ||
| 040 | |a LC |b eng |c LC |d LC | ||
| 042 | |a lccopycat | ||
| 050 | 0 | |a TS155 |b .P735 1993 | |
| 082 | 0 | 0 | |a 658.5 |2 20 |
| 111 | 2 | |a Processtech 93 |d (1993 : |c Institution of Mechanical Engineers) | |
| 245 | 1 | 4 | |a The design and operation of safe and profitable process plant : |b papers prepared for Processtech 93 / |c sponsored by Process Industries Division of the Institution of Mechanical Engineers, in association with Institution of Chemical Engineers ... [et al.]. |
| 260 | |a Bury St. Edmunds, Suffolk : |b Published for IMechE by Mechanical Engineering Publications, |c c1993. | ||
| 300 | |a 193 p. : |b ill. ; |c 30 cm. | ||
| 490 | 1 | |a Proceedings of the Institution of Mechanical Engineers | |
| 490 | 1 | |a IMechE ; |v 1993-4 | |
| 504 | |a Includes bibliographical references. | ||
| 650 | 0 | |a Production management |v Congresses. | |
| 650 | 0 | |a Production planning |v Congresses. | |
| 653 | 0 | |a Engineering |a Plant |a Management. | |
| 710 | 2 | |a Institution of Mechanical Engineers (Great Britain). |b Process Industries Division | |
| 830 | 0 | |a Proceedings of the Institution of Mechanical Engineers (Unnumbered) | |
| 830 | 0 | |a IMechE (Series) ; |v 1993-4. | |
| 852 | 8 | |b CARM |h A2:AB20H0 |i F01132 |p 0268139 |f BK | |
| 999 | f | f | |i 3854964c-748f-5986-a1db-398a373afda7 |s 1770c931-11a4-524a-ac12-3cca5d77ad37 |
| 952 | f | f | |p Can circulate |a CAVAL |b CAVAL |c CAVAL |d CARM 1 Store |e F01132 |f A2:AB20H0 |h Other scheme |i book |m 0268139 |